| 000 | 00677 a2200205 4500 | ||
|---|---|---|---|
| 999 |
_c7687 _d7687 |
||
| 020 | _a9788131730713 | ||
| 050 | _aHF5415.13 CHO 2010 | ||
| 100 | _aChopra, Sunil. | ||
| 245 |
_aSupply Chain Management : _bStrategy, Planning, and Operation _cSunil Chopra, Peter Meindl & Kalra Vir Dharam |
||
| 250 | _a4th. ed. | ||
| 264 |
_aNew Delhi: _bPearson, _c2010 |
||
| 300 |
_axx,555p. _bill. |
||
| 500 | _aincludes index | ||
| 650 | _aMarketing channels -- Management. | ||
| 650 | _aDelivery of goods -- Management. | ||
| 650 | _aPhysical distribution of goods -- Management | ||
| 700 | _aMeindl, Peter | ||
| 700 | _aKalra, Vir Dharam | ||
| 942 |
_2lcc _cBK _e4th. _h5415.13 _iCHO _kHF |
||